Mathématiques, Première S
Uloženo v:
| Hlavní autor: | |
|---|---|
| Médium: | Kniha |
| Jazyk: | francouzština |
| Vydáno: |
París
Bréal
2001
|
| Témata: | |
| Tagy: |
Přidat tag
Žádné tagy, Buďte první, kdo vytvoří štítek k tomuto záznamu!
|
MARC
| LEADER | 00000nam a2200000 a 4500 | ||
|---|---|---|---|
| 001 | UCL1850 | ||
| 003 | CL-VaPUC | ||
| 008 | 030926e20010000FR |||||||||||||||||fre|d | ||
| 020 | |a 2842917332 | ||
| 082 | 0 | 4 | |a 372.7 |b THI |2 21 |
| 100 | 0 | |a Thiénard, Jean-Claude |e author |9 478723 | |
| 245 | 1 | 0 | |a Mathématiques, Première S |
| 300 | |a 360 p | ||
| 942 | |c BK | ||
| 945 | |d 20030926 00:00:00 |a cmena | ||
| 260 | |a París |b Bréal |c 2001 | ||
| 650 | 0 | |a Matemáticas |x Enseñanza |9 875527 | |
| 650 | 0 | |a Métodos de enseñanza |9 270413 | |
| 650 | 0 | |a Educación básica |9 224933 | |
| 650 | 0 | |a Libros de texto |9 270019 | |
| 583 | |a last modification |c 20030926 00:00:00 |k Rodrigo Vera | ||
| 999 | |c 305290 |d 305288 | ||
| 952 | |0 0 |1 0 |4 0 |6 372_700000000000000_THI_2001 |7 0 |8 A |9 368426 |a BIBMAT |b BIBMAT |c E_DIDACT |d 2019-11-21 |i 3940411 |o 372.7 THI 2001 |p 3940411 |r 2025-01-07 |w 2019-11-21 |y BK |k MAT | ||